000 00348nam a2200145Ia 4500
008 230711s9999||||xx |||||||||||||| ||und||
041 _aENG
082 _a510
_bSA-A
100 _aSabharwal,S S
245 0 _aApplied Mathematics-II
250 _a18th Ed.
260 _c2012
_aJalandhar
_bEagles Prakashan Regd
650 _aMathematics
942 _cBK
999 _c7668
_d7668